OPERATION MANAGEMENT FOR COMEPITATIVE ADVANTAGE (Record no. 27449)
[ view plain ]
| 000 -LEADER | |
|---|---|
| fixed length control field | 00399nam a22001697a 4500 |
| 003 - CONTROL NUMBER IDENTIFIER | |
| control field | OSt |
| 005 - DATE AND TIME OF LATEST TRANSACTION | |
| control field | 20220118092217.0 |
| 008 - FIXED-LENGTH DATA ELEMENTS--GENERAL INFORMATION | |
| fixed length control field | 220118b |||||||| |||| 00| 0 eng d |
| 020 ## - INTERNATIONAL STANDARD BOOK NUMBER | |
| International Standard Book Number | 978007064483 |
| 040 ## - CATALOGING SOURCE | |
| Transcribing agency | HU |
| 082 ## - DEWEY DECIMAL CLASSIFICATION NUMBER | |
| Classification number | 658 |
| 100 ## - MAIN ENTRY--PERSONAL NAME | |
| Personal name | OPE |
| 9 (RLIN) | 25334 |
| 245 ## - TITLE STATEMENT | |
| Title | OPERATION MANAGEMENT FOR COMEPITATIVE ADVANTAGE |
| 260 ## - PUBLICATION, DISTRIBUTION, ETC. | |
| Place of publication, distribution, etc. | LONDON |
| Name of publisher, distributor, etc. | TOKIYO |
| Date of publication, distribution, etc. | 2006 |
| 300 ## - PHYSICAL DESCRIPTION | |
| Extent | 875 |
| 942 ## - ADDED ENTRY ELEMENTS (KOHA) | |
| Source of classification or shelving scheme | Dewey Decimal Classification |
| Koha item type | Books like text book referance book |
| Suppress in OPAC | No |
| Withdrawn status | Lost status | Source of classification or shelving scheme | Damaged status | Not for loan | Home library | Current library | Shelving location | Date acquired | Total Checkouts | Full call number | Barcode | Date last seen | Copy number | Price effective from | Koha item type |
|---|---|---|---|---|---|---|---|---|---|---|---|---|---|---|---|
| Dewey Decimal Classification | College of Business and Economics Library | College of Business and Economics Library | General Stacks | 01/18/2022 | 658/OPE | MBELIB00004986 | 01/18/2022 | 1 | 01/18/2022 | Books like text book referance book | |||||
| Dewey Decimal Classification | College of Business and Economics Library | College of Business and Economics Library | General Stacks | 01/18/2022 | 658/OPE | MBELIB00004987 | 01/18/2022 | 2 | 01/18/2022 | Books like text book referance book | |||||
| Dewey Decimal Classification | College of Business and Economics Library | College of Business and Economics Library | General Stacks | 01/18/2022 | 658/OPE | MBELIB00004988 | 01/18/2022 | 3 | 01/18/2022 | Books like text book referance book | |||||
| Dewey Decimal Classification | College of Business and Economics Library | College of Business and Economics Library | General Stacks | 01/18/2022 | 658/OPE | MBELIB00004989 | 01/18/2022 | 4 | 01/18/2022 | Books like text book referance book | |||||
| Dewey Decimal Classification | College of Business and Economics Library | College of Business and Economics Library | General Stacks | 01/18/2022 | 658/OPE | MBELIB00004990 | 01/18/2022 | 5 | 01/18/2022 | Books like text book referance book | |||||
| Dewey Decimal Classification | College of Business and Economics Library | College of Business and Economics Library | General Stacks | 01/18/2022 | 658/OPE | MBELIB00004991 | 01/18/2022 | 6 | 01/18/2022 | Books like text book referance book | |||||
| Dewey Decimal Classification | College of Business and Economics Library | College of Business and Economics Library | General Stacks | 01/18/2022 | 658/OPE | MBELIB00004992 | 01/18/2022 | 7 | 01/18/2022 | Books like text book referance book | |||||
| Dewey Decimal Classification | College of Business and Economics Library | College of Business and Economics Library | General Stacks | 01/18/2022 | 658/OPE | MBELIB00004993 | 01/18/2022 | 8 | 01/18/2022 | Books like text book referance book |